000 00482nam a22001937a 4500
003 DO-SdBNP
005 20210611100809.0
007 ta
008 210611e2017 dr ||||gr|||| 00| 0 spa d
020 _a9789945168242
040 _aDO-SdBNP
_bspa
_cBNPHU
041 _hspa
082 _bA185p
100 1 _aAcosta , Pedro
_9463
245 1 3 _aPráctica mindfulness /
_bPedro Acosta
260 _aSanto Domingo:
_bEditora Búho,
_c2017
300 _a[46 p.];
_c13 cm
942 _2ddc
_cLF2
999 _c49910
_d49910